<?xml version="1.0" encoding="UTF-8"?>
<collection xmlns:xsi="http://www.w3.org/2001/XMLSchema-instance" xsi:schemaLocation="http://www.loc.gov/MARC21/slim http://www.loc.gov/standards/marcxml/schema/MARC21slim.xsd" xmlns="http://www.loc.gov/MARC21/slim">
 <record>
  <leader>00000ccm a22000004a 4500</leader>
  <controlfield tag="001">UP-99796217606470172</controlfield>
  <controlfield tag="003">Buklod</controlfield>
  <controlfield tag="005">20230503092542.0</controlfield>
  <controlfield tag="006">a     r    |||| u|</controlfield>
  <controlfield tag="007">qu</controlfield>
  <controlfield tag="008">080210s1997    xx |||||||||||||| | ger d</controlfield>
  <datafield tag="035" ind1=" " ind2=" ">
   <subfield code="a">(iLib)UPD-00000401178</subfield>
  </datafield>
  <datafield tag="040" ind1=" " ind2=" ">
   <subfield code="a">DMUS</subfield>
  </datafield>
  <datafield tag="041" ind1=" " ind2=" ">
   <subfield code="a">ger</subfield>
   <subfield code="h">engfre</subfield>
  </datafield>
  <datafield tag="042" ind1=" " ind2=" ">
   <subfield code="a">DMLUC</subfield>
  </datafield>
  <datafield tag="090" ind1=" " ind2=" ">
   <subfield code="a">CD 814</subfield>
  </datafield>
  <datafield tag="100" ind1="1" ind2=" ">
   <subfield code="a">Oistrakh, David Fedorovich</subfield>
   <subfield code="d">1908-1974.</subfield>
  </datafield>
  <datafield tag="245" ind1="1" ind2="0">
   <subfield code="a">David Oistrakh</subfield>
   <subfield code="h">[sound recording]</subfield>
   <subfield code="c">Peter Tchaikovsky, Jean Sibelius.</subfield>
  </datafield>
  <datafield tag="264" ind1=" " ind2="1">
   <subfield code="a">[S.l.]</subfield>
   <subfield code="b">Melodiya distributed by BMG Music</subfield>
   <subfield code="c">c1997.</subfield>
  </datafield>
  <datafield tag="300" ind1=" " ind2=" ">
   <subfield code="a">1 sound disc (71 min., 54 sec.)</subfield>
   <subfield code="b">digital, stereo</subfield>
   <subfield code="c">4 3/4 in.</subfield>
  </datafield>
  <datafield tag="340" ind1=" " ind2=" ">
   <subfield code="a">Compact disc.</subfield>
  </datafield>
  <datafield tag="490" ind1="0" ind2=" ">
   <subfield code="a">David Oistrakh edition</subfield>
   <subfield code="v">v.1</subfield>
  </datafield>
  <datafield tag="500" ind1=" " ind2=" ">
   <subfield code="a">Title from container.</subfield>
  </datafield>
  <datafield tag="500" ind1=" " ind2=" ">
   <subfield code="a">Previously released material (p1965, p1969).</subfield>
  </datafield>
  <datafield tag="500" ind1=" " ind2=" ">
   <subfield code="a">Program and biographical notes by Sigrid Neef, in German with English and French translations (20 p. : port.) inserted in container.</subfield>
  </datafield>
  <datafield tag="500" ind1=" " ind2=" ">
   <subfield code="a">Recorded Sept. 27, 1968 (1-3) and 1965 (4-8), in the Grand Hall of the Moscow Conservatoire.</subfield>
  </datafield>
  <datafield tag="500" ind1=" " ind2=" ">
   <subfield code="a">Melodiya no.: 74321341782.</subfield>
  </datafield>
  <datafield tag="505" ind1="0" ind2=" ">
   <subfield code="a">Violin concerto in D major, op. 35 / Peter Tchaikovsky (34:32) -- Violin concerto in D minor, op. 47 (31:15) ; Two humoresques for violin and orchestra, op. 87 (5:52) / Jean Sibelius.                   511</subfield>
   <subfield code="a">David Oistrakh, violin; Moscow Philharmonic Orchestra (1st work); USSR Radio Large Symphony Orchestra (2nd-3rd works); Gennadi Rozhdestvensky, conductor.</subfield>
  </datafield>
  <datafield tag="650" ind1=" " ind2="0">
   <subfield code="a">Concertos (Violin)</subfield>
  </datafield>
  <datafield tag="650" ind1=" " ind2="0">
   <subfield code="a">Violin with orchestra.</subfield>
  </datafield>
  <datafield tag="700" ind1="1" ind2=" ">
   <subfield code="a">Chaikovskii, Peter Il'ich</subfield>
   <subfield code="d">1840-1893.</subfield>
   <subfield code="t">Concertos, violin, orchestra, op. 35, D major.</subfield>
  </datafield>
  <datafield tag="700" ind1="1" ind2=" ">
   <subfield code="a">Sibelius, Jean</subfield>
   <subfield code="d">1865-1957.</subfield>
   <subfield code="t">Concerto, violin, orchestra, op. 47, D minor.</subfield>
  </datafield>
  <datafield tag="700" ind1="1" ind2=" ">
   <subfield code="a">Sibelius, Jean</subfield>
   <subfield code="d">1865-1957.</subfield>
   <subfield code="t">Humoresques, violin, orchestra, op. 87.</subfield>
  </datafield>
  <datafield tag="700" ind1="1" ind2=" ">
   <subfield code="a">Rozhdestvensky, Gennadi.</subfield>
  </datafield>
  <datafield tag="842" ind1=" " ind2=" ">
   <subfield code="a">Music</subfield>
  </datafield>
  <datafield tag="905" ind1=" " ind2=" ">
   <subfield code="a">FO</subfield>
  </datafield>
  <datafield tag="950" ind1=" " ind2=" ">
   <subfield code="a">Music score</subfield>
  </datafield>
  <datafield tag="852" ind1="0" ind2=" ">
   <subfield code="a">UPD</subfield>
   <subfield code="b">DMUS</subfield>
   <subfield code="h">CD 814</subfield>
  </datafield>
  <datafield tag="942" ind1=" " ind2=" ">
   <subfield code="a">Music</subfield>
  </datafield>
 </record>
</collection>
